| 000 | 00558nac a22001571u 4500 | ||
|---|---|---|---|
| 020 | _a007226182X | ||
| 082 |
_a005.117 _bK498 |
||
| 090 | _c404 | ||
| 100 | _aKimmel, Paul | ||
| 245 |
_aUML demystified: _b(a self-teaching guide)/ _cPaul Kimmel |
||
| 260 |
_aNew York _bMcGraw Hill,2005 _c2005 |
||
| 300 |
_a235p: _billus; _c24 cm. |
||
| 650 | _aUML (computer science) | ||
| 942 |
_cBB _k005.117K498 |
||
| 999 |
_c404 _d404 |
||